000 00494nam a2200133 4500
999 _c14171
_d14171
008 190903b ||||| |||| 00| 0 eng d
082 _aDPer 050 T48 Apr-June 2016 v. 187 n. 12-24
100 _939296
_aZacharek, Stephanie.
245 _aWhen love is the law of the land, singletons revolt in the lobster/
_cStephanie Zacharek.
260 _aHong Kong:
_bTime Asia,
_cc2016.
300 _av187 n19, page 46:
_billustrations;
_c27 cm.
650 _aMan-woman relationship
_939718
942 _2ddc
_cPER